NLSUI OPAC header image

Justification Defenses and Just Convictions / (Record no. 15014)

MARC details
000 -LEADER
fixed length control field 01628cam a2200337 a 4500
001 - CONTROL NUMBER
control field 2125471
003 - CONTROL NUMBER IDENTIFIER
control field OSt
005 - DATE AND TIME OF LATEST TRANSACTION
control field 20220112153606.0
008 - FIXED-LENGTH DATA ELEMENTS--GENERAL INFORMATION
fixed length control field 970618s1998 enk b 001 0 eng
010 ## - LIBRARY OF CONGRESS CONTROL NUMBER
LC control number 97026889
020 ## - INTERNATIONAL STANDARD BOOK NUMBER
International Standard Book Number 0521622115 (hardback)
040 ## - CATALOGING SOURCE
Original cataloging agency DLC
Transcribing agency DLC
Modifying agency DLC
043 ## - GEOGRAPHIC AREA CODE
Geographic area code n-us---
050 00 - LIBRARY OF CONGRESS CALL NUMBER
Classification number KF9246
Item number .S36 1998
082 00 - DEWEY DECIMAL CLASSIFICATION NUMBER
Classification number 345.04 SCH
Edition number SCH
100 1# - MAIN ENTRY--PERSONAL NAME
Personal name Schopp, Robert F.
245 10 - TITLE STATEMENT
Title Justification Defenses and Just Convictions /
Statement of responsibility, etc. Robert F. Schopp.
260 ## - PUBLICATION, DISTRIBUTION, ETC.
Place of publication, distribution, etc. Cambridge, U.K. ;
-- New York :
Name of publisher, distributor, etc. Cambridge University Press,
Date of publication, distribution, etc. 1998.
300 ## - PHYSICAL DESCRIPTION
Extent x, 212 p. ;
Dimensions 24 cm.
440 #0 - SERIES STATEMENT/ADDED ENTRY--TITLE
Title Cambridge studies in philosophy and law
504 ## - BIBLIOGRAPHY, ETC. NOTE
Bibliography, etc. note Includes bibliographical references and index.
505 ## - FORMATTED CONTENTS NOTE
Formatted contents note Contents;<br/>Preface; <br/>Frequently Cited Sources;<br/>1. Justification Defenses; The Issues<br/>2. Justification Defenses And The Conventional Public Morality<br/>3. Self-Defense <br/>4. Self-Defense And Battered Women<br/>5. Duress And Systemically Complete Mitigation<br/>6. The Limits Of Justification; Necessity And Nullification<br/>7. Conclusion;<br/>Index<br/>
650 #0 - SUBJECT ADDED ENTRY--TOPICAL TERM
Topical term or geographic name entry element Justification (Law)
Geographic subdivision United States.
650 #0 - SUBJECT ADDED ENTRY--TOPICAL TERM
Topical term or geographic name entry element Self-defense (Law)
Geographic subdivision United States.
650 #0 - SUBJECT ADDED ENTRY--TOPICAL TERM
Topical term or geographic name entry element Judgments, Criminal
General subdivision Moral and ethical aspects
Geographic subdivision United States.
856 42 - ELECTRONIC LOCATION AND ACCESS
Materials specified Publisher description
Uniform Resource Identifier <a href="http://www.loc.gov/catdir/description/cam028/97026889.html">http://www.loc.gov/catdir/description/cam028/97026889.html</a>
856 41 - ELECTRONIC LOCATION AND ACCESS
Materials specified Table of contents
Uniform Resource Identifier <a href="http://www.loc.gov/catdir/toc/cam025/97026889.html">http://www.loc.gov/catdir/toc/cam025/97026889.html</a>
906 ## - LOCAL DATA ELEMENT F, LDF (RLIN)
a 7
b cbc
c orignew
d 1
e ocip
f 19
g y-gencatlg
942 ## - ADDED ENTRY ELEMENTS (KOHA)
Source of classification or shelving scheme Dewey Decimal Classification
Koha item type BOOKs
Holdings
Withdrawn status Lost status Damaged status Not for loan Home library Current library Shelving location Date acquired Cost, normal purchase price Total Checkouts Full call number Barcode Date last seen Date last checked out Price effective from Koha item type
        NLS NLS   30/05/2017 2812.00 2 345.04 SCH 15081 28/12/2023 17/12/2023 30/05/2017 BOOKs